[Event "SR 1. liga zapad 2010/2011"]
[Site "?"]
[Date "2011.03.20"]
[Round "9.5"]
[White "Banas, Jan"]
[Black "Maslik, Miroslav"]
[Result "1/2-1/2"]
[WhiteElo "2306"]
[BlackElo "2402"]
[PlyCount "36"]
[EventDate "2010.??.??"]

1. Nf3 d5 2. d4 Nf6 3. c4 c6 4. e3 Bg4 5. h3 Bxf3 6. Qxf3 Nbd7 7. Nc3 e6 8. Bd3
Bd6 9. O-O O-O 10. e4 e5 11. exd5 exd4 12. Ne4 Ne5 13. Nxf6+ Qxf6 14. Qxf6 gxf6
15. Be4 Nxc4 16. dxc6 bxc6 17. Bxc6 Rac8 18. Bb5 Rfd8 1/2-1/2

[Event "SR 1. liga zapad 2010/2011"]
[Site "?"]
[Date "2011.03.20"]
[Round "9.5"]
[White "Bednar, Jan"]
[Black "Zelovic, Marek"]
[Result "1/2-1/2"]
[WhiteElo "2104"]
[BlackElo "2032"]
[PlyCount "107"]
[EventDate "2010.??.??"]

1. d4 d5 2. c4 e6 3. Nc3 Nf6 4. Bg5 c6 5. e3 Be7 6. Nf3 Nbd7 7. Rc1 O-O 8. Bd3
a6 9. O-O dxc4 10. Bxc4 b5 11. Bd3 h6 12. Bh4 Bb7 13. e4 c5 14. e5 Nd5 15. Bxe7
Qxe7 16. dxc5 Nxc5 17. Bb1 Nf4 18. Qc2 g6 19. Qd2 Nh3+ 20. gxh3 Bxf3 21. Qxh6
Rac8 22. Rfe1 Bh5 23. Re3 f5 24. exf6 Qxf6 25. Rf1 Rf7 26. Rg3 Rg7 27. b4 Nb7
28. Ne4 Qf7 29. Qg5 Rf8 30. Qe5 Nd8 31. Nc5 Nc6 32. Qd6 Be2 33. Nxe6 Bxf1 34.
Qxf8+ Qxf8 35. Nxf8 Bc4 36. Nxg6 Nxb4 37. Ne7+ Kf8 38. Rxg7 Kxg7 39. a3 Nd5 40.
Nxd5 Bxd5 41. f4 a5 42. Kf2 b4 43. axb4 axb4 44. Ke3 Kf6 45. h4 Be6 46. Kd4 Kg7
47. Ke5 Bf7 48. h3 Kh6 49. Kf6 Bg8 50. f5 Kh5 51. Kg7 Bc4 52. f6 Kxh4 53. Bd3
Bd5 54. Be4 1/2-1/2

[Event "SR 1. liga zapad 2010/2011"]
[Site "?"]
[Date "2011.03.20"]
[Round "9.5"]
[White "Dlhy, Jozef"]
[Black "Kovac, Andrej"]
[Result "1/2-1/2"]
[WhiteElo "2075"]
[BlackElo "2117"]
[PlyCount "115"]
[EventDate "2010.??.??"]

1. d4 Nf6 2. c4 e6 3. Nf3 Bb4+ 4. Bd2 Qe7 5. Qc2 Bxd2+ 6. Nbxd2 d6 7. e4 e5 8.
d5 O-O 9. Bd3 a5 10. O-O Nh5 11. Rfe1 Nf4 12. Bf1 Na6 13. a3 f5 14. b3 Nc5 15.
b4 Nxe4 16. Nxe4 fxe4 17. Qxe4 Bg4 18. Nd2 Qg5 19. Qe3 Qg6 20. Ne4 Bd7 21. Qg3
Qf5 22. Qe3 h5 23. h4 axb4 24. axb4 Rxa1 25. Rxa1 Qg4 26. g3 Nh3+ 27. Bxh3 Qxh3
28. Ng5 Qg4 29. Qe4 Qxe4 30. Nxe4 Bf5 31. Nd2 Kf7 32. Ra7 Rb8 33. f3 Ke7 34.
Kf2 Kd7 35. Ke3 c6 36. dxc6+ Kxc6 37. Ne4 Be6 38. Kd3 Bf5 39. Ra2 b5 40. Ra6+
Rb6 41. cxb5+ Kxb5 42. Rxb6+ Kxb6 43. Kc3 d5 44. Ng5 Kb5 45. Nf7 d4+ 46. Kd2
Kxb4 47. Nxe5 Kc5 48. Nd3+ Bxd3 49. Kxd3 Kd5 50. Kd2 Kc4 51. g4 hxg4 52. fxg4
Kd5 53. h5 Ke5 54. g5 Kf5 55. h6 gxh6 56. gxh6 Kg6 57. Kd3 Kxh6 58. Kxd4
1/2-1/2

[Event "SR 1. liga zapad 2010/2011"]
[Site "?"]
[Date "2011.03.20"]
[Round "9.5"]
[White "Jancovic, Peter"]
[Black "Machalova, Maria"]
[Result "0-1"]
[WhiteElo "2167"]
[BlackElo "2190"]
[PlyCount "58"]
[EventDate "2010.??.??"]

1. g3 c5 2. Bg2 Nc6 3. c4 Nf6 4. Nc3 e6 5. d3 Be7 6. Nf3 O-O 7. O-O d5 8. cxd5
exd5 9. Bg5 h6 10. Bxf6 Bxf6 11. Rc1 Be6 12. a3 Rc8 13. e4 dxe4 14. dxe4 Qa5
15. Qe1 Bc4 16. Nd5 Bxf1 17. Nxf6+ gxf6 18. Qxf1 Nd4 19. h4 Qb5 20. Rc4 Qxb2
21. Qd1 Ne2+ 22. Kf1 Rfd8 23. Qe1 b5 24. Bh3 bxc4 25. Bxc8 c3 26. Kg2 Rxc8 27.
Qd1 Qd2 28. Qa4 c2 29. e5 Nf4+ 0-1

[Event "SR 1. liga zapad 2010/2011"]
[Site "?"]
[Date "2011.03.20"]
[Round "9.5"]
[White "Machalova, Erika"]
[Black "Gorusa, Miroslav"]
[Result "1/2-1/2"]
[WhiteElo "2131"]
[BlackElo "2136"]
[PlyCount "72"]
[EventDate "2010.??.??"]

1. d4 d5 2. c4 c6 3. Nf3 Nf6 4. Nc3 e6 5. Bg5 dxc4 6. e4 b5 7. e5 h6 8. Bxf6
gxf6 9. a4 Bb4 10. Qc2 Bb7 11. Be2 Nd7 12. O-O Bxc3 13. Qxc3 a6 14. exf6 Nxf6
15. Ne5 Nd5 16. Qd2 Qg5 17. f4 Qg7 18. Bh5 Rf8 19. f5 O-O-O 20. fxe6 fxe6 21.
Bg4 Nc7 22. Qe3 Rxf1+ 23. Rxf1 c5 24. dxc5 Rd5 25. c6 Rxe5 26. cxb7+ Kxb7 27.
Bf3+ Nd5 28. Qc5 Qc7 29. Qf8 Kb6 30. axb5 axb5 31. Qa8 Qc5+ 32. Kh1 Qf2 33.
Qb8+ Kc6 34. Bxd5+ exd5 35. Qc8+ Kb6 36. Qb8+ Kc6 1/2-1/2

[Event "SR 1. liga zapad 2010/2011"]
[Site "?"]
[Date "2011.03.20"]
[Round "9.5"]
[White "Machalova, Veronika"]
[Black "Skreno, Vladimir"]
[Result "0-1"]
[WhiteElo "2233"]
[BlackElo "2160"]
[PlyCount "136"]
[EventDate "2010.??.??"]

1. e4 c5 2. Nf3 Nc6 3. d3 g6 4. g3 Bg7 5. Bg2 d6 6. O-O e6 7. c3 Nge7 8. Nh4
O-O 9. f4 Rb8 10. g4 f5 11. h3 Bd7 12. Nf3 b5 13. gxf5 exf5 14. Qb3+ Kh8 15.
Ng5 c4 16. Qc2 Qb6+ 17. Kh1 h6 18. Nf3 cxd3 19. Qxd3 fxe4 20. Qxe4 Nf5 21. Kh2
Rbe8 22. Qd3 Be6 23. Na3 a6 24. Bd2 Bf7 25. Rfe1 Qf2 26. Rf1 Qg3+ 27. Kh1 Nh4
28. Rg1 Nxg2 29. Rxg2 Qxh3+ 30. Rh2 Qf5 31. Qxf5 gxf5 32. Nh4 Bd5+ 33. Kg1 Kh7
34. Nc2 Be4 35. Ne3 d5 36. Rc1 Re6 37. Kf2 d4 38. cxd4 Bxd4 39. Nf3 Bxf3 40.
Kxf3 Bxb2 41. Rc5 Ba3 42. Rd5 Ne7 43. Rd7 Rf7 44. Nd5 Kg8 45. Bc3 Nxd5 46. Rxd5
Kh7 47. Rd8 Bf8 48. Rhd2 Bg7 49. Bb4 Rc7 50. R8d5 Rf7 51. Rd8 Rc6 52. R2d3 Bb2
53. a3 Rg6 54. R3d6 Rfg7 55. Rxg6 Rxg6 56. Rd7+ Bg7 57. Bc3 h5 58. Be1 Kh6 59.
Rd5 Bf8 60. Rxf5 Bxa3 61. Rd5 Rd6 62. Re5 b4 63. Re3 Rb6 64. f5 b3 65. Bd2 Kg7
66. Bc3+ Kf7 67. Re1 b2 68. Rb1 Rb3 0-1

[Event "SR 1. liga zapad 2010/2011"]
[Site "?"]
[Date "2011.03.20"]
[Round "9.5"]
[White "Martiska, Peter"]
[Black "Federic, Jozef"]
[Result "0-1"]
[WhiteElo "2249"]
[BlackElo "2283"]
[PlyCount "114"]
[EventDate "2010.??.??"]

1. d4 d5 2. Nf3 Nf6 3. Nbd2 Bf5 4. e3 e6 5. b3 Bd6 6. Bb2 Nc6 7. a3 O-O 8. Be2
Nd7 9. c4 Qf6 10. O-O Qh6 11. c5 Be7 12. b4 Bf6 13. b5 Ne7 14. Qb3 Qg6 15. Rfc1
Rfb8 16. a4 h5 17. Bc3 Nf8 18. Ba5 Rc8 19. c6 b6 20. Bb4 Re8 21. a5 Nh7 22. Ra2
Ng5 23. Nxg5 Bxg5 24. Rca1 Rac8 25. axb6 axb6 26. Nf3 Bf6 27. Kf1 Be4 28. Ra7
Nf5 29. Rb7 Bxf3 30. Bxf3 Nh4 31. Qb1 Nxf3 32. Qxg6 Nxh2+ 33. Kg1 fxg6 34. Kxh2
Be7 35. Bxe7 Rxe7 36. f4 Kf7 37. Kg3 Kf6 38. Raa7 Rf7 39. Kf3 g5 40. g3 gxf4
41. exf4 g5 42. fxg5+ Kxg5+ 43. Kg2 Kf6 44. Ra1 Ke7 45. Rh1 Rf5 46. Ra7 Kd6 47.
Ra3 e5 48. dxe5+ Rxe5 49. Rd1 Rf8 50. Rb3 Re2+ 51. Kh3 Rff2 52. Kh4 Rf5 53. Kh3
Re4 54. Ra1 Re8 55. Rd1 Ra8 56. g4 hxg4+ 57. Kxg4 Rf7 0-1

[Event "SR 1. liga zapad 2010/2011"]
[Site "?"]
[Date "2011.03.20"]
[Round "9.5"]
[White "Rohacek, Miroslav"]
[Black "Maros, Milan"]
[Result "1/2-1/2"]
[WhiteElo "2277"]
[BlackElo "2329"]
[PlyCount "92"]
[EventDate "2010.??.??"]

1. e4 e6 2. d4 d5 3. Nc3 Bb4 4. e5 Ne7 5. a3 Bxc3+ 6. bxc3 c5 7. Qg4 Qc7 8.
Qxg7 Rg8 9. Qxh7 cxd4 10. Ne2 Nbc6 11. f4 Bd7 12. Qd3 dxc3 13. Qxc3 Nf5 14. Be3
Rc8 15. Bf2 Qa5 16. h4 Qxc3+ 17. Nxc3 Nxe5 18. fxe5 Rxc3 19. Kd2 Rc8 20. Rh3 d4
21. g3 f6 22. Re1 Kf7 23. Be2 Ba4 24. Bd3 fxe5 25. Rxe5 Kf6 26. Ra5 Bd7 27.
Bxf5 exf5 28. Bxd4+ Kf7 29. Rh2 Rxg3 30. h5 Kg8 31. Rd5 Bc6 32. Rxf5 Be4 33.
Rc5 Rxc5 34. Bxc5 a6 35. Rh4 Rg2+ 36. Ke3 Bxc2 37. Rc4 Rh2 38. Bd6 Rh3+ 39. Kd2
Bf5 40. Rf4 Rxh5 41. Kc3 Kf7 42. Bc7 Ke6 43. Rd4 Rh3+ 44. Kb4 Bc2 45. a4 Rb3+
46. Kc5 Re3 1/2-1/2

[Event "SR 1. liga zapad 2010/2011"]
[Site "?"]
[Date "2011.03.20"]
[Round "9.6"]
[White "Szucs, Vladimir"]
[Black "Hecko, Dusan"]
[Result "0-1"]
[WhiteElo "2130"]
[BlackElo "2114"]
[Annotator "Fritz 12 (20s)"]
[PlyCount "80"]
[EventDate "2010.??.??"]

{A55: Old Indian Defence with Nf3 and e4} 1. Nf3 Nf6 2. c4 d6 3. Nc3 e5 4. d4
Nbd7 5. e4 Be7 6. Be2 O-O 7. O-O Re8 8. Re1 c6 9. Qc2 {N} (9. Bf1) 9... Qc7 10.
Rb1 Nf8 11. d5 Bg4 12. Be3 Rac8 13. Qd2 a6 14. h3 Bxf3 15. Bxf3 c5 16. Be2 Ng6
17. Kh2 Rb8 18. a4 h6 19. g3 Nh7 $14 20. Rg1 Kh8 21. Rg2 Rg8 22. h4 $16 Qd8 23.
h5 Ngf8 $16 24. f4 Bf6 25. Rf1 exf4 26. gxf4 Qe7 27. Bf3 g5 $6 28. Rfg1 $2 (28.
hxg6 $142 $5 Nxg6 29. Rfg1 $14) 28... Nd7 $15 29. Bg4 $4 (29. Kh1 $142 $11 {
bolo lepsie}) 29... gxf4 $19 30. Bxf4 Be5 31. Bxe5+ Nxe5 32. Qe2 $4 {
chyba v zlej pozicii} (32. Qf2 $142 Nxc4 33. Kh1 $19) 32... Qh4+ $19 33. Bh3
Rxg2+ 34. Rxg2 Ng5 35. Rg3 Nxh3 36. Rxh3 Qf4+ 37. Kh1 Rg8 38. Nd1 Rg3 39. Rxg3
Qxg3 40. Nf2 (40. Qg2 Qe1+ 41. Qg1 Qxe4+ 42. Qg2 Qh4+ 43. Qh2 $19) 40... Nf3
0-1

[Event "SR 1. liga zapad 2010/2011"]
[Site "?"]
[Date "2011.04.09"]
[Round "10.1"]
[White "Berek, Geza"]
[Black "Schwarz, Dusan"]
[Result "0-1"]
[WhiteElo "2216"]
[BlackElo "2294"]
[PlyCount "96"]
[EventDate "2010.??.??"]

1. e4 c5 2. Nf3 e6 3. d4 cxd4 4. Nxd4 a6 5. Bd3 Bc5 6. Nb3 Be7 7. Qg4 g6 8. Qe2
d6 9. O-O Qc7 10. a4 b6 11. a5 b5 12. c4 b4 13. Bf4 e5 14. Be3 Nf6 15. N1d2 O-O
16. h3 Nc6 17. Rfc1 Re8 18. Nf1 Qb7 19. Bg5 Nh5 20. Be3 Be6 21. Qd2 Bf8 22. Be2
Nf6 23. Bd3 Nd7 24. f3 Nc5 25. Qd1 f5 26. Qc2 f4 27. Bf2 Qc7 28. Nfd2 Rad8 29.
Bf1 Rd7 30. Be2 Rg7 31. Nxc5 dxc5 32. Nb3 Nb8 33. Rd1 g5 34. Rd2 h5 35. Qd1 Nd7
36. Kh2 Nf6 37. g4 fxg3+ 38. Bxg3 g4 39. Bh4 Qf7 40. Rd8 Be7 41. Rxe8+ Nxe8 42.
Bg3 gxh3 43. Bxe5 Qg6 44. Qg1 Qg2+ 45. Qxg2 Rxg2+ 46. Kh1 Rxe2 47. Rg1+ Kf7 48.
Nc1 Re3 0-1

[Event "SR 1. liga zapad 2010/2011"]
[Site "?"]
[Date "2011.04.09"]
[Round "10.1"]
[White "Janos, Martin"]
[Black "Siroky, Jan"]
[Result "1/2-1/2"]
[WhiteElo "2246"]
[BlackElo "2188"]
[PlyCount "30"]
[EventDate "2010.??.??"]

1. d4 Nf6 2. Nf3 g6 3. c4 Bg7 4. Nc3 d5 5. g3 O-O 6. Bg2 c6 7. Ne5 dxc4 8. Nxc4
Be6 9. Qd3 Nd5 10. a3 Na6 11. Nd2 Qd7 12. O-O Rfd8 13. Rd1 Nb6 14. Nf3 Bb3 15.
Re1 Bxd4 1/2-1/2

[Event "SR 1. liga zapad 2010/2011"]
[Site "?"]
[Date "2011.04.09"]
[Round "10.1"]
[White "Kalisky, Vladimir"]
[Black "Pacher, Milan"]
[Result "0-1"]
[WhiteElo "2273"]
[BlackElo "2399"]
[PlyCount "146"]
[EventDate "2010.??.??"]

1. e4 c5 2. Nf3 d6 3. d4 cxd4 4. Nxd4 Nf6 5. Nc3 a6 6. Be3 e5 7. Nb3 Be7 8. Qd2
Be6 9. f4 exf4 10. Bxf4 Nc6 11. O-O-O Nh5 12. Be3 O-O 13. Nd4 Nxd4 14. Qxd4 Rc8
15. Be2 Nf6 16. Bf4 Qa5 17. Bxd6 Bxd6 18. Qxd6 Rxc3 19. bxc3 Nxe4 20. Qb4 Qg5+
21. Kb2 Nf2 22. Bf3 Nxh1 23. Rxh1 b5 24. Rd1 g6 25. h4 Qg3 26. Rd6 a5 27. Qd4
h5 28. a3 a4 29. Rc6 Qb8 30. Rc5 Rd8 31. Qf6 Qd6 32. Rxb5 Rb8 33. Rb4 Qc7 34.
Qd4 Rd8 35. Qf4 Qc5 36. Rxa4 Qf2 37. Rd4 Rf8 38. Bb7 Qe2 39. a4 Bf5 40. Rd2 Qe7
41. Bd5 Re8 42. Bb3 Qb7 43. Qb4 Qa8 44. Ka3 Qa7 45. Qd4 Qa6 46. Bc4 Qb7 47. Bb5
Rc8 48. c4 Qe7+ 49. c5 Qe1 50. Re2 Qc1+ 51. Kb4 Bg4 52. Rd2 Qe1 53. c6 Qxh4 54.
c4 Qe7+ 55. Qd6 Qe3 56. a5 Be6 57. Qd4 Qg3 58. a6 Qc7 59. Qd6 Qa7 60. Qc5 Qc7
61. a7 Qf4 62. Qd6 Qe3 63. Qd8+ Kh7 64. a8=Q Rxa8 65. Qxa8 Qxd2+ 66. Kc5 Qxg2
67. Kb6 h4 68. Qe8 h3 69. c7 h2 70. Bc6 Qb2+ 71. Kc5 Qc3 72. Kb6 Qb4+ 73. Ka7
Qxc4 0-1

[Event "SR 1. liga zapad 2010/2011"]
[Site "?"]
[Date "2011.04.09"]
[Round "10.1"]
[White "Lipka, Juraj"]
[Black "Cibulka, Vladimir"]
[Result "1/2-1/2"]
[WhiteElo "2414"]
[BlackElo "2252"]
[PlyCount "47"]
[EventDate "2010.??.??"]

1. d4 e6 2. Nf3 f5 3. g3 d5 4. Bg2 Nf6 5. O-O c6 6. c4 Be7 7. b3 O-O 8. Bb2 Bd7
9. Nbd2 Be8 10. Ne5 Nbd7 11. Nd3 g5 12. Nf3 Ne4 13. Nfe5 Nxe5 14. Nxe5 Bh5 15.
f3 Nf6 16. Qd2 Nd7 17. Nd3 Bf6 18. c5 Qe7 19. b4 Qg7 20. Qc3 Rae8 21. Ne5 Nxe5
22. dxe5 Bd8 23. a4 f4 24. Qd4 1/2-1/2

[Event "SR 1. liga zapad 2010/2011"]
[Site "?"]
[Date "2011.04.09"]
[Round "10.1"]
[White "Novotny, Michal"]
[Black "Vlcek, Stanislav"]
[Result "0-1"]
[WhiteElo "2009"]
[BlackElo "2257"]
[PlyCount "100"]
[EventDate "2010.??.??"]

1. e4 c5 2. Nf3 d6 3. d4 cxd4 4. Nxd4 Nf6 5. Nc3 a6 6. a4 b6 7. Bd3 e6 8. O-O
Bb7 9. Be3 Nbd7 10. f3 Be7 11. Bc4 O-O 12. Bxe6 fxe6 13. Nxe6 Qe8 14. Nxf8 Bxf8
15. Qe2 Qe6 16. Rfe1 d5 17. exd5 Nxd5 18. Qc4 Rc8 19. Qb3 Nc5 20. Bxc5 Bxc5+
21. Kh1 Qf7 22. Ne4 Bf8 23. Rad1 Re8 24. c4 Nb4 25. Ng5 Rxe1+ 26. Rxe1 Qf4 27.
Ne6 Qh4 28. g3 Qe7 29. Qd1 Qf6 30. Re3 Be7 31. h4 Bc6 32. Nf4 Bc5 33. Re6 Qf8
34. Rxc6 Nxc6 35. Qd5+ Qf7 36. Qxc6 Qxc4 37. Qc8+ Kf7 38. Qd7+ Be7 39. Nd5 Qc1+
40. Kg2 Qxb2+ 41. Kh3 Qe2 42. Qf5+ Bf6 43. Nxb6 g6 44. Qd5+ Kg7 45. Qe4 Qf1+
46. Kg4 h5+ 47. Kf4 Qc1+ 48. Qe3 Qc7+ 49. Ke4 Qxg3 50. Nd5 Qe5+ 0-1

[Event "SR 1. liga zapad 2010/2011"]
[Site "?"]
[Date "2011.04.09"]
[Round "10.1"]
[White "Todor, Razvan"]
[Black "Beres, Dominik"]
[Result "1-0"]
[WhiteElo "2221"]
[BlackElo "2083"]
[PlyCount "79"]
[EventDate "2010.??.??"]

1. e4 c5 2. Nf3 d6 3. d4 cxd4 4. Nxd4 Nf6 5. Nc3 Nc6 6. Be2 g6 7. O-O Bg7 8.
Nb3 O-O 9. Bg5 h6 10. Bh4 a6 11. a4 Ne5 12. Qd2 Kh7 13. Kh1 Be6 14. Nd4 Bc4 15.
f4 Bxe2 16. Qxe2 Nc6 17. Nxc6 bxc6 18. a5 Nd7 19. Qc4 Nc5 20. Rfe1 Qd7 21. Rad1
Ne6 22. f5 Nc7 23. e5 d5 24. e6 fxe6 25. fxg6+ Kh8 26. Qg4 Rf5 27. Ne4 Raf8 28.
Ng3 Rf4 29. Qh3 Qe8 30. Bg5 Rf2 31. Bxh6 Qxg6 32. Bf4+ Kg8 33. Bxc7 Qxc2 34.
Qxe6+ Kh8 35. Qh3+ Kg8 36. Bb6 d4 37. Bxd4 Rd2 38. Qe6+ Rf7 39. Rxd2 Qxd2 40.
Rf1 1-0

[Event "SR 1. liga zapad 2010/2011"]
[Site "?"]
[Date "2011.04.09"]
[Round "10.1"]
[White "Zahorsky, Robert"]
[Black "Polacik, Igor"]
[Result "0-1"]
[WhiteElo "1988"]
[BlackElo "2180"]
[PlyCount "92"]
[EventDate "2010.??.??"]

1. d4 f5 2. g3 Nf6 3. Bg2 g6 4. Nh3 Bg7 5. Nf4 e6 6. b3 d6 7. Bb2 Qe7 8. Nd3
O-O 9. O-O Nbd7 10. c4 Rb8 11. f3 b6 12. e4 fxe4 13. fxe4 e5 14. d5 Nc5 15.
Nxc5 bxc5 16. Nc3 Bd7 17. Qe2 Bh6 18. Bc1 Qg7 19. Bd2 a6 20. h3 Nh5 21. Kh2
Rxf1 22. Rxf1 Rf8 23. Rxf8+ Qxf8 24. Nd1 Nxg3 25. Qe1 Nh5 26. Kg1 Bxd2 27. Qxd2
Nf4 28. Nf2 Qh6 29. Kf1 Qg5 30. Nd3 Nxh3 31. Qxg5 Nxg5 32. b4 cxb4 33. Nxb4 Bc8
34. Kf2 Kf7 35. Ke3 h5 36. Nd3 h4 37. c5 Nh7 38. Bf1 Nf6 39. cxd6 cxd6 40. Nb4
h3 41. Kf3 g5 42. Bxa6 g4+ 43. Kg3 Nxe4+ 44. Kh2 g3+ 45. Kg1 h2+ 46. Kg2 Bh3+
0-1

[Event "SR 1. liga zapad 2010/2011"]
[Site "?"]
[Date "2011.04.09"]
[Round "10.2"]
[White "Blaho, Stefan"]
[Black "Machalova, Erika"]
[Result "1-0"]
[WhiteElo "2094"]
[BlackElo "2131"]
[PlyCount "115"]
[EventDate "2010.??.??"]

1. d4 Nf6 2. c4 e6 3. Nf3 b6 4. g3 Bb7 5. Bg2 Be7 6. O-O O-O 7. Nc3 d6 8. Qc2
Nbd7 9. e4 e5 10. h3 Re8 11. d5 Bf8 12. Be3 g6 13. Ne1 Bg7 14. Nd3 Rf8 15. b4
Ba6 16. Nb5 Ne8 17. a4 f5 18. Ra3 Ndf6 19. exf5 gxf5 20. f4 Nd7 21. Kh2 Bb7 22.
a5 Kh8 23. axb6 axb6 24. Na7 Qf6 25. Bc1 Qg6 26. Bb2 e4 27. Nc1 Ndf6 28. Ne2
Rg8 29. Rfa1 Nh5 30. Nc6 Bxc6 31. dxc6 Rxa3 32. Rxa3 Nef6 33. Ra7 Ne8 34. Ra8
Nhf6 35. Bc3 h5 36. h4 Kh7 37. Qb2 Ng4+ 38. Kg1 Ne3 39. Bxg7 Rxg7 40. Qd4 Nxg2
41. Kxg2 Nf6 42. Kf2 Ng4+ 43. Ke1 Nh2 44. Kd1 Nf3 45. Qe3 Qf6 46. Kc2 Ne1+ 47.
Kb3 Nd3 48. Qd4 Qf7 49. Ka4 Ne1 50. Kb5 Nf3 51. Qd5 Qf6 52. Ka6 Rf7 53. Rd8 Kg6
54. Rd7 Rf8 55. Kb7 Qh8 56. Qe6+ Rf6 57. Qe7 Rf8 58. Kxc7 1-0

[Event "SR 1. liga zapad 2010/2011"]
[Site "?"]
[Date "2011.04.09"]
[Round "10.2"]
[White "Horvath, Mario"]
[Black "Maslik, Miroslav"]
[Result "1/2-1/2"]
[WhiteElo "2320"]
[BlackElo "2402"]
[PlyCount "41"]
[EventDate "2010.??.??"]

1. d4 Nf6 2. Nf3 e6 3. g3 c5 4. e3 b6 5. Bg2 Bb7 6. O-O d6 7. b3 Nbd7 8. Nbd2
Be7 9. Bb2 O-O 10. c4 Ne4 11. Nxe4 Bxe4 12. Nd2 Bxg2 13. Kxg2 cxd4 14. Bxd4 Nf6
15. Qf3 Qc7 16. Rac1 Rac8 17. Rfd1 Qc6 18. Bb2 Rfd8 19. Ba3 Qe8 20. e4 Bf8 21.
Bb2 1/2-1/2

[Event "SR 1. liga zapad 2010/2011"]
[Site "?"]
[Date "2011.04.09"]
[Round "10.2"]
[White "Kovac, Andrej"]
[Black "Szucs, Vladimir"]
[Result "1/2-1/2"]
[WhiteElo "2117"]
[BlackElo "2130"]
[PlyCount "116"]
[EventDate "2010.??.??"]

1. d4 c5 2. d5 e5 3. e4 d6 4. Nf3 a6 5. a4 g6 6. Nc3 Bg7 7. a5 Ne7 8. Nd2 Nd7
9. Nc4 Qc7 10. Bd3 O-O 11. h4 f5 12. h5 Nf6 13. hxg6 hxg6 14. Nb6 Rb8 15. Bh6
Bxh6 16. Rxh6 Kg7 17. Rh1 f4 18. Be2 Bd7 19. Qd2 Rh8 20. O-O-O Rbf8 21. Bf3 Nc8
22. Nxd7 Qxd7 23. Rdg1 g5 24. g3 Rxh1 25. Rxh1 Rh8 26. Rg1 Kf8 27. gxf4 gxf4
28. Qe1 Na7 29. Be2 Qc7 30. Rg6 Qf7 31. Qg1 Rg8 32. Rxg8+ Qxg8 33. Qxg8+ Kxg8
34. f3 Kf7 35. Na4 Ke7 36. Nb6 Kd8 37. Bf1 Nc8 38. Nc4 Kc7 39. Bh3 Ne7 40. Nb6
Ng6 41. Kd2 Nh4 42. Ke2 Nh7 43. Kf2 Ng5 44. Bg4 Kd8 45. c3 Kc7 46. Nc4 Ng6 47.
Bh5 Nf8 48. Nb6 Nd7 49. Nxd7 Kxd7 50. Ke2 Kc7 51. Kd3 b5 52. axb6+ Kxb6 53. Kc4
a5 54. Kb3 Nh3 55. Bg4 Ng5 56. Bh5 Nh3 57. Bg4 Ng5 58. Bh5 Nh3 1/2-1/2

[Event "SR 1. liga zapad 2010/2011"]
[Site "?"]
[Date "2011.04.09"]
[Round "10.2"]
[White "Machalova, Maria"]
[Black "Brestak, Jan"]
[Result "0-1"]
[WhiteElo "2190"]
[BlackElo "2149"]
[PlyCount "174"]
[EventDate "2010.??.??"]

1. c4 e5 2. Nc3 Nf6 3. g3 c6 4. d4 e4 5. d5 Bb4 6. Bd2 O-O 7. a3 Bxc3 8. Bxc3
cxd5 9. cxd5 d6 10. Nh3 Re8 11. Nf4 Nbd7 12. Ng2 Ne5 13. Ne3 Nfg4 14. Qd4 Qg5
15. Bg2 Nxe3 16. Qxe3 Qxe3 17. fxe3 Bf5 18. O-O Bg6 19. Bd4 f6 20. Rac1 Re7 21.
Rc2 Nf3+ 22. Kh1 Nxd4 23. exd4 Bf7 24. Rf5 Rf8 25. Rc3 Bg6 26. Rf1 h5 27. Rfc1
Bf7 28. Rc7 Rfe8 29. Rxe7 Rxe7 30. Rc8+ Kh7 31. Rd8 Bxd5 32. Rxd6 Bc4 33. e3
Bd3 34. Rd5 g5 35. Rc5 Kg6 36. Bh3 g4 37. Bg2 b6 38. Rc8 h4 39. gxh4 Rh7 40.
Kg1 Kf5 41. h5 Rxh5 42. Rc7 Rh8 43. b4 Be2 44. Rxa7 Bf3 45. Rc7 Bxg2 46. Kxg2
Rh3 47. Rc3 b5 48. a4 bxa4 49. b5 Rh8 50. Rc5+ Kg6 51. Rc4 Rb8 52. Rxa4 Rxb5
53. Kg3 Kg5 54. Ra3 Rf5 55. Rc3 Rf3+ 56. Kg2 Kf5 57. Rc5+ Ke6 58. Rc6+ Kd5 59.
Rc5+ Kd6 60. Rc3 f5 61. Rc5 Ke6 62. Rc6+ Ke7 63. Rc7+ Kf6 64. Rc6+ Kg5 65. Rc3
Kh4 66. Rc5 Kg5 67. Rc3 Rh3 68. Ra3 Rh8 69. Kg3 Rc8 70. h4+ gxh3 71. Kxh3 Rc1
72. Ra2 Rc3 73. Rg2+ Kf6 74. Rg3 Rd3 75. Kh4 f4 76. exf4 Kf5 77. Rg4 e3 78. Rg8
Rd1 79. Rf8+ Ke4 80. Kg3 Rg1+ 81. Kh2 Rg7 82. f5 Kf3 83. f6 Rg2+ 84. Kh1 e2 85.
Re8 Rg8 86. f7 Rf8 87. Re7 Kf2 0-1

[Event "SR 1. liga zapad 2010/2011"]
[Site "?"]
[Date "2011.04.09"]
[Round "10.2"]
[White "Nemeth, Eugen"]
[Black "Bednar, Jan"]
[Result "0-1"]
[WhiteElo "1960"]
[BlackElo "2104"]
[PlyCount "60"]
[EventDate "2010.??.??"]

1. e4 c5 2. Nc3 Nc6 3. g3 g6 4. Bg2 Bg7 5. d3 d6 6. Be3 Rb8 7. f4 e6 8. Qd2
Nge7 9. Nf3 Nd4 10. O-O O-O 11. e5 Nef5 12. Bf2 Nxf3+ 13. Bxf3 Nd4 14. Bxd4
cxd4 15. Nb5 dxe5 16. fxe5 a6 17. Nd6 Bxe5 18. Ne4 f5 19. Ng5 Bf6 20. Nh3 e5
21. Rae1 Be6 22. Nf4 Bf7 23. Nh3 Kg7 24. g4 Qc7 25. Qg2 Kh8 26. Kh1 b5 27. Bd1
Bh4 28. Re2 Rbd8 29. Rd2 Bd5 30. Bf3 e4 0-1

[Event "SR 1. liga zapad 2010/2011"]
[Site "?"]
[Date "2011.04.09"]
[Round "10.2"]
[White "Rohacek, Miroslav"]
[Black "Gulbis, Adrian"]
[Result "1-0"]
[WhiteElo "2277"]
[BlackElo "2153"]
[PlyCount "101"]
[EventDate "2010.??.??"]

1. e4 c5 2. Nf3 d6 3. b3 Nf6 4. Bb5+ Nc6 5. Qe2 Bd7 6. c3 e5 7. O-O Be7 8. Bb2
O-O 9. Na3 a6 10. Bd3 Bg4 11. h3 Bh5 12. Nc4 Re8 13. Ne3 Bf8 14. Bc2 d5 15. d3
d4 16. Nf5 dxc3 17. Bxc3 Nd4 18. N5xd4 cxd4 19. Bb2 Qd7 20. Rfc1 Rac8 21. Bd1
Bxf3 22. Qxf3 Bb4 23. Rxc8 Rxc8 24. Rc1 Bc3 25. Ba3 a5 26. Qg3 b5 27. Rc2 b4
28. Bc1 Qe6 29. Bh6 g6 30. f4 Re8 31. fxe5 Qxe5 32. Bf4 Qb5 33. Qf3 Nd7 34. Rf2
f6 35. Bh6 Re7 36. Be2 Qe5 37. Rf1 g5 38. Qh5 Bd2 39. Bg4 Be3+ 40. Kh1 Nc5 41.
Be2 Bf4 42. h4 Ne6 43. Qf3 Rf7 44. Qg4 Rc7 45. g3 Bxg3 46. hxg5 Nxg5 47. Rf5
Qd6 48. Rd5 Qf4 49. Rd8+ Kf7 50. Qh5+ Ke6 51. Bg4+ 1-0

[Event "SR 1. liga zapad 2010/2011"]
[Site "?"]
[Date "2011.04.09"]
[Round "10.2"]
[White "Rohackova, Veronika"]
[Black "Kubica, Viktor"]
[Result "1-0"]
[WhiteElo "2034"]
[BlackElo "2015"]
[PlyCount "65"]
[EventDate "2010.??.??"]

1. e4 e5 2. Nf3 Nc6 3. Bb5 Nf6 4. O-O d6 5. Re1 a6 6. Ba4 b5 7. Bb3 Be7 8. c3
Bg4 9. d3 O-O 10. Nbd2 Na5 11. Bc2 c5 12. h3 Bh5 13. Nf1 Re8 14. Ng3 Bg6 15.
Nh4 Qc7 16. Nhf5 Bf8 17. Bg5 Nd7 18. Qg4 Nc6 19. h4 h6 20. Be3 Nf6 21. Qf3 b4
22. Nxh6+ gxh6 23. Qxf6 Qe7 24. Qxe7 Rxe7 25. h5 Bh7 26. Bb3 bxc3 27. bxc3 Rc7
28. Bd5 Rb8 29. Rab1 Rxb1 30. Rxb1 Ne7 31. Bc4 a5 32. Rb5 Ra7 33. Rb8 1-0

[Event "SR 1. liga zapad 2010/2011"]
[Site "?"]
[Date "2011.04.09"]
[Round "10.2"]
[White "Szeko, Ludovit"]
[Black "Federic, Jozef"]
[Result "0-1"]
[WhiteElo "2078"]
[BlackElo "2283"]
[PlyCount "143"]
[EventDate "2010.??.??"]

1. e4 c5 2. c3 Nf6 3. e5 Nd5 4. d4 cxd4 5. cxd4 e6 6. Nf3 Be7 7. Bc4 Nb6 8. Bd3
Na6 9. O-O Nd5 10. Nbd2 h6 11. Ne4 Qc7 12. a3 O-O 13. Bd2 Qb8 14. Rc1 b6 15.
Qe2 Nac7 16. Rc2 Bb7 17. Rfc1 Ne8 18. Bb5 Qd8 19. Ba6 Bxa6 20. Qxa6 Nec7 21.
Qe2 a6 22. Qc4 Ra7 23. Nc3 Qb8 24. Qb3 Nxc3 25. Bxc3 Nd5 26. Nd2 Rc7 27. Ne4
Rfc8 28. Bd2 Rxc2 29. Rxc2 Rxc2 30. Qxc2 Qc7 31. Qd3 b5 32. Kf1 f5 33. Ng3 Nb6
34. Ke2 Qc6 35. f3 Nc4 36. Qb3 Qd5 37. Bc3 Bd8 38. Qd1 Bb6 39. Nh5 Qc6 40. Qe1
g5 41. h4 Kf7 42. hxg5 hxg5 43. Nf6 Ke7 44. Nh7 Kd8 45. Nxg5 Kc8 46. Nh3 Ba7
47. Kf1 a5 48. Qa1 Ne3+ 49. Kg1 Qc4 50. Qe1 Bxd4 51. Bxd4 Qxd4 52. Kh1 Nc4 53.
b3 Nxe5 54. Qxa5 Qd1+ 55. Kh2 Qxb3 56. Qa8+ Kc7 57. Qa7+ Kc6 58. Nf4 Qb2 59.
Kg3 Nc4 60. a4 bxa4 61. Qxa4+ Qb5 62. Qa8+ Kc7 63. Qa7+ Qb7 64. Qa2 Qc6 65.
Qa7+ Kd8 66. Qb8+ Qc8 67. Qb4 Ke8 68. Qc3 e5 69. Nd5 Qc6 70. Qd3 Qg6+ 71. Kh2
Nd6 72. Qa3 0-1